| 000 | 00768cam a2200229 a 4500 | ||
|---|---|---|---|
| 001 | 000015643 | ||
| 005 | 20200929164113.0 | ||
| 008 | 000107s1998 ve a 000 0 spa d | ||
| 020 | _a980642915X | ||
| 040 |
_aDO-SdBNP _cDLC |
||
| 082 |
_a291.212 _bC389f |
||
| 100 | 1 |
_aCedeño, Rubén _d1952- _935239 |
|
| 245 | 1 | 3 |
_aEl fuego violeta / _cRubén Cedeño ; prólogo Luis Felipe Gil. |
| 260 |
_aCaracas : _bGrupo Editorial Asclepio, _c1998. |
||
| 300 |
_a212 p. : _bil. ; _c21 cm. |
||
| 590 | _aLa biblioteca posee un ejemplar autobiografiado por el autor. | ||
| 650 | 4 |
_aFuego (en religión, folclore, etc.) _935240 |
|
| 650 | 4 |
_aAdoradores del fuego _935241 |
|
| 700 | 1 |
_aGil, Luis Felipe _epról. _935242 |
|
| 910 | _aCatalogación por copia / LC | ||
| 049 | _aBNGR | ||
| 999 |
_c15195 _d15195 |
||